书目信息 |
| 题名: |
水煤浆气化技术及数值模拟计算方法
|
|
| 作者: | 于海龙 著 | |
| 分册: | ||
| 出版信息: | 杭州 浙江大学出版社 2012.11 |
|
| 页数: | 148页 | |
| 开本: | 26cm | |
| 丛书名: | ||
| 单 册: | ||
| 中图分类: | TQ536.1 | |
| 科图分类: | ||
| 主题词: | 水煤浆--煤气化--数值模拟--计算方法 , 水煤浆 , 煤气化 , 数值模拟 , 计算方法 | |
| 电子资源: | ||
| ISBN: | 978-7-308-10734-1 | |
| 000 | 01132nam0 2200301 450 | |
| 001 | 0000500021441 | |
| 005 | 20140611151125.96 | |
| 010 | @a978-7-308-10734-1@dCNY32.00 | |
| 100 | @a20130107d2012 em y0chiy50 ea | |
| 101 | 0 | @achi |
| 102 | @aCN@b330000 | |
| 105 | @aak z 000yy | |
| 106 | @ar | |
| 200 | 1 | @a水煤浆气化技术及数值模拟计算方法@9shui mei jiang qi hua ji shu ji shu zhi mo ni ji suan fang fa@f于海龙著 |
| 210 | @a杭州@c浙江大学出版社@d2012.11 | |
| 215 | @a148页@c图@d26cm | |
| 312 | @a封面英文题名:Coal water slurry gasfication technology and numerical simulation computational method | |
| 330 | @a本书主要内容包括:绪论;水煤炭气化喷嘴的开发;新型水煤浆气化喷嘴雾化性能试验研究;新型水煤浆气化炉的开发和冷态数值模拟等。 | |
| 510 | 1 | @aCoal water slurry gasfication technology and numerical simulation computational method@zeng |
| 606 | 0 | @a水煤浆@x煤气化@x数值模拟@x计算方法 |
| 606 | 0 | @a水煤浆 |
| 606 | 0 | @a煤气化 |
| 606 | 0 | @a数值模拟 |
| 606 | 0 | @a计算方法 |
| 690 | @aTQ536.1@v5 | |
| 701 | 0 | @a于海龙@9yu hai long@4著 |
| 801 | 0 | @aCN@bRENTIAN@c20130107 |
| 905 | @b548756-58@dTQ536.1@e51@f3 | |
| 水煤浆气化技术及数值模拟计算方法/于海龙著.-杭州:浙江大学出版社,2012.11 |
| 148页:图;26cm |
| ISBN 978-7-308-10734-1:CNY32.00 |
| 本书主要内容包括:绪论;水煤炭气化喷嘴的开发;新型水煤浆气化喷嘴雾化性能试验研究;新型水煤浆气化炉的开发和冷态数值模拟等。 |
| ● |
| 相关链接 |
|
|
|
|
正题名:水煤浆气化技术及数值模拟计算方法
索取号:TQ536.1/51
 
预约/预借
| 序号 | 登录号 | 条形码 | 馆藏地/架位号 | 状态 | 备注 |
| 1 | 548756 | 205487560 | 第二样本阅览室/ [索取号:TQ536.1/51] | 在馆 | |
| 2 | 548757 | 205487579 | 第三借阅区/ [索取号:TQ536.1/51] | 在馆 | |
| 3 | 548758 | 205487588 | 第三借阅区/ [索取号:TQ536.1/51] | 在馆 |